Les places en Italie - Statistiques

Statistiques générales
  • Ce quiz a été pris 22 fois
  • Le résultat moyen est 7 sur 10
Statistiques - réponses
Par images Réponse % Correct
Milan
100%
Rome
100%
Turin
100%
Gênes
86%
Venise
86%
Bologne
71%
Padoue
57%
Sienne
57%
Parme
29%
Ascoli
14%
Aucun quiz correspondant
Distribution des résultats
% des personnes avec chaque résultat
Percentile par nombre de réponses
Votre historique - résultats
Vous n’avez pas pris ce quiz